[Event "Unterfranken-ch69 M2"]
[Site "Schweinfurt"]
[Date "2018.04.07"]
[Round "9"]
[White "Susallek, Markus"]
[Black "Pommeranz, Mika"]
[Result "1/2-1/2"]
[WhiteElo "1875"]
[BlackElo "1795"]
[PlyCount "38"]
[EventDate "2018.04.02"]
[EventType "swiss"]
[EventRounds "9"]
[EventCountry "GER"]
[SourceTitle "EXT 2019"]
[Source "ChessBase"]
[SourceDate "2018.10.10"]
[SourceVersion "1"]
[SourceVersionDate "2018.10.10"]
[SourceQuality "1"]

1. e4 g6 2. d4 Bg7 3. Nc3 d6 4. f4 Nf6 5. Nf3 0-0 6. Bd3 Nc6 7. 0-0 e5 8. fxe5 dxe5 9. d5 Nb4 10. Bg5 c6 11. dxc6 bxc6 12. Bc4 Qxd1 13. Raxd1 h6 14. Bc1 Nd7 15. Bb3 Nc5 16. Bc4 Nxc2 17. Rd6 Be6 18. Bxe6 Nxe6 19. Rxc6 Nb4 1/2-1/2